| 000 | 01158cam a2200361 i 4500 | ||
|---|---|---|---|
| 001 | 18141772 | ||
| 003 | EG-ScBUE | ||
| 005 | 20230511130314.0 | ||
| 008 | 140506s2014 nyu f 001 0 eng d | ||
| 020 | _a9781781682920 (alk. paper) | ||
| 040 |
_aDLC _beng _erda _cDLC _dDLC _dEG-ScBUE |
||
| 041 | 1 |
_aeng _hger |
|
| 082 | 0 | 4 |
_a303.372 _222 _bGRO |
| 100 | 1 |
_aGroĭs, Boris, _eauthor. |
|
| 240 | 1 | 0 |
_aÜber das Neue. _lEnglish |
| 245 | 1 | 0 |
_aOn the new / _cBoris Groys ; translated by G. M. Goshgarian. |
| 250 | _aFirst edition. | ||
| 264 | 1 |
_aBrooklyn, NY : _bVerso, _c2014. |
|
| 300 |
_avi, 200 pages ; _c21 cm |
||
| 336 |
_atext _btxt _2rdacontent |
||
| 337 |
_aunmediated _bn _2rdamedia |
||
| 338 |
_avolume _bnc _2rdacarrier |
||
| 500 | _aIncludes index. | ||
| 650 | 7 |
_aPostmodernism _xSocial aspects. _2BUEsh |
|
| 650 | 7 |
_aSocial values. _2BUEsh |
|
| 650 | 7 |
_aValue. _2BUEsh |
|
| 650 | 7 |
_aCreative ability. _2BUEsh |
|
| 653 |
_bART _cMay2023 |
||
| 655 | _vReading book | ||
| 906 |
_a7 _bcbc _corignew _d1 _eecip _f20 _gy-gencatlg |
||
| 942 |
_2ddc _cBB |
||
| 999 |
_c30342 _d30313 |
||